| 000 | 01200nab a2200205 i 4500 | ||
|---|---|---|---|
| 001 | 768714001 | ||
| 003 | CO-MdFUSB | ||
| 005 | 20240531062755.0 | ||
| 008 | 230506t1999 -us||||| |||| 00| 0 eng d | ||
| 040 |
_beng _aCO-MdFUSB _cCO-MdFUSB _dCO-MdFUSB |
||
| 041 | _aeng | ||
| 100 |
_aGalli, Mark _eautor |
||
| 245 |
_aA time to heal : _bhow a "clergy care" facility helps the wounded regain strength _c/ Mark Galli |
||
| 300 |
_aVolumen 20, número 3 (summer 1999), páginas 57 - 81 _c; 27 cm |
||
| 520 | _aEste articulo cuenta la historia de una pareja pastoral (Peter y Bárbara) que ha sido afectada emocional y psicológicamente debido a la carga y ciertas situaciones que ocurrieron en su iglesia local. Es por esto que deciden salir de su iglesia de forma forzosa, dándose la oportunidad de recurrir a un tiempo de sanación en una institución profesional por dos semanas. Este articulo enseña la importancia de sanar y dedicar tiempo a la salud mental en el pastorado. | ||
| 546 | _aTexto en inglés | ||
| 650 | 7 |
_aCristianismo _2 _922 |
|
| 773 | 0 |
_068780 _981951 _oR2464 _tLeadership : _w(CO-MdFUSB)768714001 _gVolumen 20, número 3 (summer 1999), páginas 57 - 82 _qpáginas 57 |
|
| 942 | _cANA | ||
| 999 |
_c68856 _d68856 |
||